Venezuelan State Capitals - Statistics

General Stats
  • This quiz has been taken 405 times
  • The average score is 16 of 23
Answer Stats
State Capital % Correct
Merida Merida
85%
Bolivar Ciudad Bolivar
83%
Zulia Maracaibo
82%
Carabobo Valencia
82%
Anzoategui Barcelona
78%
Apure San Fernando de Apure
78%
Barinas Barinas
77%
Falcon Coro
76%
Aragua Maracay
74%
Lara Barquisimeto
72%
Trujillo Trujillo
72%
Tachira San Cristobal
70%
La Guaira La Guaira
68%
Monagas Maturin
67%
Amazonas Puerto Ayacucho
65%
Delta Amacuro Tucupita
63%
Guarico San Juan de Los Morros
62%
Miranda Los Teques
61%
Sucre Cumana
59%
Cojedes San Carlos
58%
Nueva Esparta La Asuncion
55%
Yaracuy San Felipe
55%
Portuguesa Guanare
51%
No matching quizzes found
Score Distribution
Percent of People with Each Score
Percentile by Number Answered
Your Score History
You have not taken this quiz